000 00532nam a22001817a 4500
003 OSt
005 20140310182024.0
008 130801t xxu||||| |||| 00| 0 eng d
050 _aBF 1411
_b.St822 1979
082 _aTR 133
_bSt3 1979
100 _aSteiner, Rudolf
_91588
245 _aOccult science :
_ban outline /
_cRudolf Steiner ; translated by George and Mary Adams.
260 _aLondon :
_bRudolf Steiner Press,
_c1979.
300 _a350 p. ;
_c19 cm.
650 _aOccultism
_97252
942 _2lcc
_cBK-TR
999 _c8426
_d8426